[Event "Continental-ch Women America 2017"]
[Site "Villa Martelli"]
[Date "2017.09.10"]
[Round "5"]
[White "Cosme Contreras, Trilce"]
[Black "Cori T, Deysi"]
[Result "0-1"]
[WhiteElo "1872"]
[BlackElo "2389"]
[Annotator "TA"]
[PlyCount "228"]
[EventDate "2017.??.??"]
[EventType "swiss"]
[EventCountry "ARG"]
[SourceTitle "playchess.com"]
[Source "ChessBase"]
[SourceQuality "1"]

{[%evp 16,228,17,14,30,28,49,42,49,39,43,42,81,50,44,38,42,0,0,0,0,-2,-3,0,0,-194,-201,-204,-200,-196,-196,-200,-200,-224,-214,-222,-202,-228,-182,-264,-247,-252,-250,-254,-191,-185,-171,-156,-172,-154,-164,-277,-273,-289,-300,-314,-316,-320,-312,-306,-226,-233,-187,-187,-187,-187,-187,-187,-187,-187,-187,-187,-187,-187,-187,-187,-187,-275,-270,-265,-201,-201,-179,-179,-179,-179,-179,-179,-179,-179,-179,-179,-179,-179,-179,-179,-179,-177,-177,-172,-169,-169,-169,-169,-164,-157,-150,-171,-150,-157,-154,-157,-150,-150,-150,-143,-142,-142,-135,-135,0,-135,-135,-135,-135,-135,-135,-135,0,-135,-134,-134,-129,-114,-114,-107,-87,-100,-100,-102,-97,-100,-87,-135,-64,-64,-64,-64,-64,-64,-21,-64,-64,-64,-64,-64,-64,-64,-8,-8,-8,-8,-8,-8,-8,-8,-8,-64,-64,-100,-100,-100,-64,-64,-64,-64,-64,-64,-64,-116,-116,-116,-100,-137,-137,-137,-137,-137,-137,-137,-137,-137,-137,-234,-137,-137,-137,-4137,-137,-149,-146,-29980,-29981,-29987,-29988,-29988,-29989,-29989,-29990,-29990,-29990,-29991,-29992,-29995,-29996]} 1. c4 e6 2. Nc3 d5 3. d4 Nf6 4. Nf3 Nbd7 5. Bf4 Bb4 6. e3 c5 {D37: Queen's Gambit Declined: 5 Bf4} (6... O-O 7. Be2 dxc4 8. Bxc4 Nb6 9. Qb3 Nfd5 10. Bg5 f6 11. Bh4 a5 12. Bxd5 exd5 13. O-O Kh8 14. a3 {0-1 (62) Mu,K (2425)-Yu,Y (2734) Wuxi 2016}) 7. Bd3 cxd4 8. exd4 dxc4 9. Bxc4 {LiveBook: 3 Games} Qa5 $146 ({Find the theoretical novelty and annotate with similar games:} 9... Nb6 10. Bb3 Nbd5 11. Bd2 O-O 12. O-O Bd6 13. Nxd5 Nxd5 14. Re1 {½-½ (38) Mirzoyan,D (2321)-Oparin,G (2604) Minsk 2017}) 10. O-O Bxc3 11. bxc3 O-O 12. Qb3 Qf5 13. Bd6 Re8 14. Rad1 b6 15. Bd3 Qh5 16. Qb5 Qxb5 17. Bxb5 Ne4 18. Bc6 Nxd6 19. Bxa8 Ba6 20. Rfe1 $2 (20. d5 $11 Bxf1 21. dxe6 Rxe6 22. Kxf1) 20... Rxa8 $19 21. d5 {[#]} e5 $1 22. Nxe5 Nxe5 23. Rxe5 Kf8 24. Rde1 Bc4 25. a3 Rd8 26. f4 Nb5 27. d6 (27. Re7 $142) 27... Nxd6 28. Rd1 g6 29. g4 Be6 30. f5 gxf5 31. gxf5 Bb3 32. Rd4 Kg7 33. Kf2 (33. Re2 $142 Kf6 34. Rb2) 33... Kf6 34. Re3 Bc2 35. Kf3 Bxf5 ({Inferior is} 35... Kxf5 36. Re2 $11) 36. Kf4 Be6 37. h4 b5 38. Re5 Rg8 39. Rg5 ({Avoid the trap} 39. Rxd6 $2 Rg4+ 40. Ke3 Kxe5 $19) 39... Rxg5 40. hxg5+ Ke7 41. a4 a6 42. axb5 Nxb5 43. Ra4 Nxc3 44. Rxa6 Kf8 45. Ra1 Kg7 46. Re1 (46. Kg3 $142) 46... Kg6 47. Rh1 Nd5+ 48. Ke5 Ne7 49. Kf4 Kg7 50. Rh2 Ng6+ 51. Ke4 Bg4 52. Rh1 Nf8 53. Kf4 Be2 54. Rh2 Bd3 55. Rh1 Ne6+ 56. Kg4 Be2+ 57. Kf5 Bf3 58. Rh4 Bb7 59. Rc4 Ba6 60. Rh4 Bc8 61. Rh2 Nd4+ 62. Ke4 Nf5 63. Kf4 Kg6 64. Rh1 Be6 65. Rh2 Bc4 66. Rh1 Be2 67. Rh2 Bc4 68. Rh1 $1 Nd4 69. Rh6+ Kg7 70. Rh2 Ba6 71. Rh4 Ne6+ 72. Kf5 $1 Bd3+ 73. Kg4 Kf8 74. Rh3 Be2+ 75. Kf5 Ke7 76. Rh2 Bd3+ 77. Kg4 Ng7 78. Rd2 Bg6 79. Kf4 f6 (79... Ne6+ $17 80. Kg4 Nc7 81. Re2+ Kd7) 80. gxf6+ $15 Kxf6 81. Rd6+ Ne6+ 82. Kg4 Ke5 83. Ra6 Bd3 84. Ra3 Be2+ 85. Kh4 Kf5 86. Re3 Bb5 (86... Bd1 $1 $15 87. Ra3 Be2) 87. Kh5 $1 $11 Be8+ 88. Kh6 Bg6 89. Re5+ Kf6 90. Ra5 Bd3 91. Ra7 ({Better is} 91. Ra3 $11) 91... Ng5 $15 {aiming for ...Nf7+.} 92. Ra5 Nf7+ 93. Kh5 Bg6+ 94. Kh4 Ne5 95. Ra6+ Kf5 96. Ra5 Be8 97. Rc5 (97. Ra8 $15) 97... Kf4 $17 {...Nf3+ is the strong threat.} 98. Rc7 Bg6 {White must now prevent ...Nf3+.} 99. Ra7 Nf3+ 100. Kh3 Bf5+ 101. Kg2 Ng5 {Threatens to win with ...Be4+.} 102. Ra3 h5 {[%cal Bh7h5,Bh5h4,Bh4h3][%mdl 32] And now ...Be4+ would win.} 103. Rc3 h4 {Hoping for ...h3+.} 104. Ra3 (104. Rc4+ $17 Be4+ 105. Kf2) 104... Be4+ (104... h3+ $1 $19 105. Kf2 Bg4) 105. Kh2 Kg4 106. Ra4 $2 {[%mdl 8192]} (106. Rc3 $17) 106... Nf3+ $2 (106... h3 $1 $19 {is more deadly. ( -> ...Nf3+)} 107. Ra3 Nf3+ 108. Kh1 Nd2+ 109. Kg1 Kh4) 107. Kg2 {[#]} Nd2+ $1 108. Kh2 $2 {[%mdl 8192] [#]} (108. Kf2 $17) 108... h3 $1 {Black mates.} 109. Kg1 Kg3 {[%csl Gg3][%cal Rh3h2]} 110. Ra3+ Bf3 111. Rxf3+ Nxf3+ 112. Kh1 Ne1 {[%cal Bf3e1,Be1d3,Bd3f2][%mdl 32]} 113. Kg1 Nd3 114. Kh1 Nf2+ {Precision: White = 50%, Black = 66%.} 0-1